000 nam a22 7a 4500
999 _c125067
_d125067
005 20200204105854.0
008 190319b mx ||||| |||| 00| 0 spa d
020 _a968608519X
050 0 4 _aNA6800
_bW54 1982
050 0 4 _aNA6800
_bW55 1978
100 1 _aWild, Friedemann
240 1 0 _aSporthallen und sportanlagen für schulen, vereine und betriebe
_lEspañol
245 1 0 _aPabellones de deporte
_b: instalaciones deportivas para colegios, asociaciones y empresas
_c/ Friedemann Wild ; redaccion Ute Busche-Sievers ; dirigida por Paulhans Peters.
250 _a1a ed.
260 _aMéxico :
_bGustavo Gili,
_c1982
260 _aMéxico :
_bGustavo Gili,
_c1982
300 _a132 p. :
_bil. ;
_c27 cm.
490 0 _aProyecto y planificación
650 7 _2lemb
_aArquitectura
_xInstalaciones deportivas
650 7 _2lemb
_aArquitectura
_xDiseños y planos.
700 1 _aBusche-Sievers, Ute,
_eredactor.
942 _2lcc
_cLIB